00299pam a2200121 a 4500020002400000041000500024082001000029100002400039245006300063250001200126260003100138300000800169 a978-81-87782-40-4c h a495.1 aSharma S.A.eAuthor aLearn Chinese in A MornthcSharma S.A.hTextual Documents  a1st Ed. bReadwill Publicationc2014 a190